00679nam a2200241 a 4500001001300000003000900013005001700022008004100039020000800080082001400088100002200102245007000124260002500194300000900219500003500228505001000263650001900273700002200292902000800314942000700322952009300329999001500422nice12345678IN_TiNIC20260116012314.0050524s1979 dela grp 000 0 eng  ac500a230bHAR1 aHargreaves, Cecil aAsian Christian Thinkingb Studies in a Metaphor and Its Message. aDelhi bISPCK c1979 a185p aincludes index and biblioraphy2 aIndex aTheology-Asian1 aHargreaves, Cecil bSRS cBK 00104070aHMIbHMId2007-06-22g5.00l0o230 HAR1p013034r2007-06-22w2026-01-16yEB c6474d6474